000 00589nam a2200205Ia 4500
008 200917s9999||||xx |||||||||||||| ||und||
020 _a9789866695049
020 _a9866695042
041 _achi
050 _aBV4254.C5
_b.H665 2008
100 _a洪予健
245 0 _a聰明反被聰明誤:
_b講壇擷思 /
_c洪予健
246 _a聪明反被聪明误 :
_b讲坛撷思/
260 _a台北 :
_b中福出版有限公司,
_c2008
300 _a282 p. :
_bill. ;
_c21 cm.
650 _aChristian life.
650 _aEvangelistic sermons.
650 _aSermons.
999 _c17702
_d17702